000 00614 a2200205 4500
003 Nust
005 20230704131551.0
010 _a 92013599
020 _a0120415356 (alk. paper)
040 _cNust
082 0 0 _a510.2855369,ABE
100 1 _aAbell, Martha L.
_9102347
245 1 4 _aThe Mathematica handbook /
_cMartha L. Abell and James P. Braselton.
260 _aBoston :
_bAcademic Press
_cc1992.
300 _axvi, 789 p. :
_bill. ;
_c24 cm.
505 _acontents not available
650 0 _aMathematics
_xData processing.
_923326
700 1 _aBraselton, James P.,
_d1965-
_9102348
942 _2ddc
_cBKB
999 _c181660
_d181660